Las historias naturales / (Record no. 118317)
[ view plain ]
| 000 -LEADER | |
|---|---|
| campo de control de longitud fija | 00563nam a2200181 4500 |
| 001 - NÚMERO DE CONTROL | |
| campo de control | 118317 |
| 003 - IDENTIFICADOR DE NÚMERO DE CONTROL | |
| campo de control | ES-MaACL |
| 005 - FECHA Y HORA DE LA ÚLTIMA TRANSACCIÓN | |
| campo de control | 20240418063117.0 |
| 007 - CAMPO FIJO DE DESCRIPCIÓN FÍSICA--INFORMACIÓN GENERAL | |
| campo de control de longitud fija | t| |
| 008 - DATOS DE LONGITUD FIJA--INFORMACIÓN GENERAL | |
| campo de control de longitud fija | 070214s1968 sp r ||||1| spa d |
| 100 1# - ENTRADA PRINCIPAL--NOMBRE DE PERSONA | |
| Nombre de persona | Perucho, Joan, |
| Fechas asociadas al nombre | 1920-2003 |
| 9 (RLIN) | 91415 |
| 245 14 - MENCIÓN DEL TÍTULO | |
| Título | Las historias naturales / |
| Mención de responsabilidad, etc. | Joan Perucho ; versión de José Corredor Matheos. |
| 260 ## - PUBLICACIÓN, DISTRIBUCIÓN, ETC. | |
| Lugar de publicación, distribución, etc. | Barcelona : |
| Nombre del editor, distribuidor, etc. | E.M., |
| Fecha de publicación, distribución, etc. | 1968. |
| 300 ## - DESCRIPCIÓN FÍSICA | |
| Extensión | 315 p. : |
| Otras características físicas | il. ; |
| Dimensiones | 19 cm. |
| 700 0# - ENTRADA AGREGADA--NOMBRE PERSONAL | |
| Nombre de persona | Corredor-Matheos, José, |
| Fechas asociadas al nombre | 1929- |
| 9 (RLIN) | 40776 |
| 852 ## - LOCALIZACIÓN | |
| Ubicación | ES-MaACL |
| Número de control de estantería | C-51083 |
| Sublocalización o colección | R.65580 |
| Estatus retirado | Estado de pérdida | Estado de daño | No para préstamo | Biblioteca de origen | Biblioteca actual | Ubicación en estantería | Fecha de adquisición | Fuente de adquisición | Total de préstamos | Signatura topográfica completa | Código de barras | Visto por última vez | Precio de reemplazo | Tipo de ítem Koha |
|---|---|---|---|---|---|---|---|---|---|---|---|---|---|---|
| Biblioteca del Ateneo de Madrid | Biblioteca del Ateneo de Madrid | Depósito 2 | 17/01/2008 | C-51083 | 1123346 | 23/02/2023 | 23/02/2023 | Libro impreso |
